Economics for Business (Record no. 2657)
[ view plain ]
| 000 -LEADER | |
|---|---|
| fixed length control field | 01384cam a22001934a 4500 |
| 005 - ΗΜΕΡΟΜΗΝΙΑ ΚΑΙ ΩΡΑ ΤΕΛΕΥΤΑΙΑΣ ΕΝΗΜΕΡΩΣΗΣ | |
| Πεδίο ελέγχου | 20250605164049.0 |
| 008 - FIXED-LENGTH DATA ELEMENTS--GENERAL INFORMATION | |
| Πεδίο ελέγχου σταθερού μήκους | 250528s ||||||||||||||||||||||||d |
| 035 ## - SYSTEM CONTROL NUMBER | |
| System control number | 17225 |
| 020 ## - ISBN | |
| ISBN | 13371246 |
| 040 ## - ΠΗΓΗ ΚΑΤΑΛΟΓΟΓΡΑΦΗΣΗΣ | |
| Φορέας πρωτότυπης καταλογογράφησης | MC Athens Campus Library |
| Γλώσσα καταλογογράφησης | Ελληνικά, Μοντέρνα (1453-) |
| Modifying agency | MC Athens Campus Library |
| Κανόνες περιγραφικής καταλογογράφησης | AACR2 |
| 245 1# - ΤΙΤΛΟΣ ΚΑΙ ΔΗΛΩΣΗ ΥΠΕΥΘΥΝΟΤΗΤΑΣ | |
| Τίτλος | Economics for Business |
| 260 ## - PUBLICATION, DISTRIBUTION, ETC. | |
| Name of publisher, distributor, etc. | Prentice Hall, |
| Date of publication, distribution, etc. | 1997 |
| 300 ## - PHYSICAL DESCRIPTION | |
| Extent | 652 |
| 520 ## - SUMMARY, ETC. | |
| Summary, etc. | A comprehensive, easily accessible introduction to economics for those with no previous background in the Subject. Preface, Economic Policy in the 1990s, What Makes Nations Grow?, The Market System and Competition, The Market System in Action, Market Demand and the Pricing Decision, The Firm in a competitive Market, The Economic of Market Power, Market Structure and Competition and Policy and Privatization, Government Intervention and the Market System, Business and the Environment, The Macroeconomic Framework, Inflation and Central Banks, Understanding Interest Rates and Monetary Policy, Unemployment, Fiscal Policy and Budget Deficits and Government Debt, Business Fluctuations and Forecasting, The Global Economy, Foreign Trade: Patterns and Policy, Capital Flows and Foreign Investment and Labor Migration, The Balance of Payments: What it is and Why it Matters, Coping with Exchange Rates, Exchange Rates Regimes, Index. |
| 700 1# - ΠΡΟΣΘΕΤΗ ΑΝΑΓΡΑΦΗ--ΦΥΣΙΚΟ ΠΡΟΣΩΠΟ | |
| Personal name | Mcaleese Dermot |
| 9 (RLIN) | 3389 |
| 942 ## - ADDED ENTRY ELEMENTS (KOHA) | |
| Koha item type | Books |
| Τύπος τεκμηρίου | Βιβλιοθήκη | Τρέχουσα τοποθεσία | Barcode | Αριθμός εισαγωγής | Ημερομηνία απόκτησης | Ταξιθετικό σύμβολο | Αριθμός αντιτύπου | Κατάσταση απόσυρσης | Κατάσταση χαμένου | Κατάσταση κατεστραμμένου | Μη δανεισμός | Σύνολο δανεισμών | Ημερομηνία τελευταίας εμφάνισης | Η τιμή ισχύει από |
|---|---|---|---|---|---|---|---|---|---|---|---|---|---|---|
| Books | MC Athens Campus Library | MC Athens Campus Library | 9780000026569 | 8899 | 05/06/2025 | 330/.024658 MCA | 1 | 05/06/2025 | 05/06/2025 |